000 00536nam a22001937a 4500
003 OSt
005 20151109185426.0
008 151109b xxu||||| |||| 00| 0 eng d
020 _a041518889
040 _cDLMN
050 _aWY 87
_b.R913e 1999.
100 _aRussell,Graham;
_96055
245 _aEssential Psychology.
_bFor Nurses and other health Professionals.
260 _aLondon Newyork.
_bROUTLEDGE.
_c1999.
300 _avii,230p;
_bill;
_c32cm
504 _aincludes index.
650 _aPsychology.
_931
942 _2ddc
_cSLOAN
999 _c2482
_d2482